| 000 | 01022cas a22002295 4500 | ||
|---|---|---|---|
| 001 | L152441 | ||
| 008 | 110308c2010 xxuqr ws s 0 a0eng u | ||
| 035 | _a(Sirsi) u152441 | ||
| 041 | 0 | _aeng | |
| 050 | _a333.33 $2 18 | ||
| 110 | 2 |
_aNAI Global _95315 |
|
| 245 | 0 | 0 |
_aMetropolitan Area Economic Overview _h[electronic resource] |
| 260 |
_aPrinceton _bNAI Global _c2010- |
||
| 362 | 0 | _aCurrent datasheet only | |
| 490 | 0 |
_aNAI Global Metropolitan Area Economic Overview _v2010- |
|
| 520 | _aPresents datasheets for major cities in all US states covering the office, industrial, retail, and development land markets. Data includes low, high and effective average rents, vacancy rates, and investment yields. | ||
| 554 | _aUpdated annually | ||
| 651 | 4 |
_aUnited States _y1959- |
|
| 690 | _aPROPERTY-COMMERCIAL PROPERTY-COMMERCIAL PROPERTY MARKET | ||
| 856 | 4 | 8 |
_uhttps://www.naiglobal.com/mr.aspx?page=United%20States&pageTitle=Market%20Research _zView the datasheets free of charge at www.naiglobal.com |
| 942 | _n0 | ||
| 999 |
_c119306 _d119306 |
||